[Event "Belavenets mem op"]
[Site "Smolensk"]
[Date "1991.??.??"]
[Round "?"]
[White "Nikolenko, Oleg"]
[Black "Anikaev, Yuri N"]
[Result "1/2-1/2"]
[WhiteElo "2450"]
[BlackElo "2415"]

1.e4 c5 2.Nf3 d6 3.d4 cxd4 4.Nxd4 Nf6 5.Nc3 Nc6 6.Bg5 e6 7.Qd2 a6 8.O-O-O h6
9.Be3 Be7 10.f4 Nxd4 11.Bxd4 b5 12.Bd3 Bb7 13.Qe2 O-O 14.Kb1  1/2-1/2

[Event "Smolensk"]
[Site "Smolensk"]
[Date "1991.??.??"]
[Round "?"]
[White "Semeniuk, Alexander A"]
[Black "Ruban, Vadim"]
[Result "1/2-1/2"]
[WhiteElo "2370"]
[BlackElo "2570"]

1.e4 c5 2.Nf3 d6 3.d4 cxd4 4.Nxd4 Nf6 5.Nc3 Nc6 6.Bg5 e6 7.Qd2 a6 8.O-O-O h6
9.Be3 Nxd4 10.Bxd4 b5 11.f4 Be7 12.Bd3 Bb7 13.g4 b4 14.Na4 Nxe4 15.Qxb4 Rb8
16.Ba7 Nf2 17.Rhf1 Nxd3+ 18.Rxd3 Bg2 19.Bxb8 Bxf1 20.Rd1 a5 21.Qb7 O-O 22.Rxf1 Qxb8
23.Qxe7 Qb5 24.Rf3 Qxa4 25.Qa7 Qe4 26.Qe3 Qa4 27.Qb3 Qe4 28.Qe3 Qa4  1/2-1/2

[Event "Belavenets mem op"]
[Site "Smolensk"]
[Date "1991.??.??"]
[Round "?"]
[White "Varavin, Viktor"]
[Black "Zakharov, Alexander V"]
[Result "1-0"]
[WhiteElo "2455"]
[BlackElo "2380"]

1.e4 c5 2.Nf3 d6 3.d4 cxd4 4.Nxd4 Nf6 5.Nc3 Nc6 6.Bg5 a6 7.Qd2 Nxd4 8.Qxd4 Qa5
9.Bxf6 gxf6 10.O-O-O Rg8 11.Kb1 f5 12.Nd5 Be6 13.exf5 Bxf5 14.Bc4 Rg4 15.f4 Bg7
16.Qe3 e6 17.Nb6 Bxc2+ 18.Kxc2 Rxg2+ 19.Kc1 Bxb2+ 20.Kb1 Bc3 21.Bb3 Rb2+
22.Kc1 Qa3 23.Nc4 Rxb3+ 24.Nxa3 Bb2+ 25.Kb1 Rxe3 26.Nc4 Re2 27.Nxb2 Ke7 28.Rc1 Rd8
29.Rc7+ Rd7 30.Rc2 Rxc2 31.Kxc2 Kf6 32.Kd2 Kf5 33.Nd3 Rc7 34.Rb1 f6 35.Ke3 d5
36.Rc1  1-0

[Event "St Ingbert op"]
[Site "St Ingbert"]
[Date "1991.??.??"]
[Round "5"]
[White "Borriss, Martin"]
[Black "Inkiov, Ventzislav"]
[Result "0-1"]
[WhiteElo "2340"]
[BlackElo "2475"]

1.e4 c5 2.Nf3 d6 3.d4 cxd4 4.Nxd4 Nf6 5.Nc3 Nc6 6.Bg5 e6 7.Qd2 Be7 8.O-O-O O-O
9.Nb3 a6 10.Bxf6 gxf6 11.Qh6 Kh8 12.Qh5 Qe8 13.Bd3 Ne5 14.Be2 b5 15.f4 Ng6
16.g3 b4 17.Nb1 a5 18.Bb5 Qd8 19.a4 bxa3 20.Nxa3 Qc7 21.Rd4 Bb7 22.Rhd1 Rfc8
23.Qe2 d5 24.exd5 Bxd5 25.c4 a4 26.Na1 Bc5 27.R4d2 Bxa3 28.bxa3 Qb7 29.Nc2 Bf3
30.Rd7 Qxb5 31.Qxf3 Qxc4 32.Qd3 Qb3 33.Kd2 e5 34.f5 e4 35.Qxb3 axb3 36.fxg6 bxc2
37.g7+ Kxg7 38.Rc1 Rxa3 39.Rxc2 e3+ 40.Kc1 e2  0-1

[Event "Star Dojran"]
[Site "Star Dojran"]
[Date "1991.??.??"]
[Round "4"]
[White "Kiroski, Toni"]
[Black "Bielczyk, Jacek"]
[Result "1-0"]
[WhiteElo "2375"]
[BlackElo "2405"]

1.e4 c5 2.Nf3 Nc6 3.d4 cxd4 4.Nxd4 Nf6 5.Nc3 d6 6.Bg5 e6 7.Qd2 a6 8.O-O-O Bd7
9.f4 h6 10.Bh4 Rc8 11.Nf3 Qa5 12.Kb1 b5 13.e5 b4 14.exf6 bxc3 15.fxg7 Bxg7
16.Qxd6 Rc7 17.Bc4 Qb6 18.Bb3 a5 19.a4 Rg8 20.f5 Bf8 21.fxe6 fxe6 22.Qd3 Rxg2
23.Bg3 Qxb3 24.cxb3 Rxb2+ 25.Ka1 Nb4 26.Qg6+ Kd8 27.Bxc7+ Kxc7 28.Rxd7+ Kxd7
29.Rd1+ Ke7 30.Qh7+ Kf6 31.Qh8+ Bg7 32.Qd8+ Kf5 33.Nh4+ Kg4 34.Rd4+ Kh3 35.Rd3+ Kxh2
36.Qc7+ e5 37.Nf3+ Kh1 38.Rd1+ Kg2 39.Qxg7+ Kxf3 40.Rf1+ Ke4 41.Re1+ Kd3
42.Qg3+ Kc2 43.Re2+  1-0

[Event "SWE-ch"]
[Site "SWE"]
[Date "1991.??.??"]
[Round "12"]
[White "Winsnes, Rikard"]
[Black "Degerman, Lars"]
[Result "1/2-1/2"]
[WhiteElo "2330"]
[BlackElo "2405"]

1.e4 c5 2.Nf3 Nc6 3.d4 cxd4 4.Nxd4 Nf6 5.Nc3 d6 6.Bg5 e6 7.Qd2 Be7 8.O-O-O O-O
9.Nb3 Qb6 10.f3 Rd8 11.Kb1 a6 12.Be3 Qc7 13.Qf2 Nd7 14.g4 b5 15.h4 Rb8 16.g5 Nce5
17.h5 b4 18.Ne2 Nc4  1/2-1/2

[Event "SWE-ch"]
[Site "SWE"]
[Date "1991.??.??"]
[Round "15"]
[White "Brynell, Stellan"]
[Black "Winsnes, Rikard"]
[Result "1/2-1/2"]
[WhiteElo "2390"]
[BlackElo "2330"]

1.e4 c5 2.Nf3 Nc6 3.d4 cxd4 4.Nxd4 Nf6 5.Nc3 d6 6.Bg5 e6 7.Qd2 Be7 8.O-O-O O-O
9.Nb3 Qb6 10.f3 Rd8 11.Be3 Qc7 12.Qf2 d5 13.exd5 Nxd5 14.Nxd5 Rxd5 15.Rxd5 exd5
16.Bb5 Ne5 17.Rd1 Nc4 18.Rxd5 Nxe3 19.Qxe3 Be6 20.Rd1 Qxh2 21.Nd4 Bc5  1/2-1/2

[Event "Torcy op"]
[Site "Torcy"]
[Date "1991.??.??"]
[Round "?"]
[White "Souevamanien, Pascal"]
[Black "Amalric, Yves"]
[Result "1-0"]
[WhiteElo "2010"]
[BlackElo "2010"]

1.e4 c5 2.Nf3 Nc6 3.d4 cxd4 4.Nxd4 Nf6 5.Nc3 d6 6.Bg5 Bd7 7.Bc4 e6 8.Ndb5 Qb8
9.a4 a6 10.Na3 Qc7 11.Bf4 Ne5 12.Be2 Bc6 13.f3 Be7 14.O-O Qb6+ 15.Kh1 Qxb2
16.Qd4 Nxf3 17.gxf3 e5 18.Qd3 Qb6 19.Be3 Qc7 20.Nc4 Rb8 21.Nb6 O-O 22.Rg1 Kh8
23.Qd2 Rfd8 24.Bc4 Bf8 25.Bd5 Nd7 26.a5 Nc5 27.Rg2 Qe7 28.Rag1 f6 29.Qf2 g6
30.Qh4 g5 31.Rxg5 fxg5 32.Bxg5  1-0

[Event "Torcy op"]
[Site "Torcy"]
[Date "1991.??.??"]
[Round "?"]
[White "Schabanel, Stephane"]
[Black "Lanka, Zigurds"]
[Result "0-1"]
[WhiteElo "2090"]
[BlackElo "2510"]

1.e4 c5 2.Nf3 Nc6 3.d4 cxd4 4.Nxd4 Nf6 5.Nc3 d6 6.Bg5 Bd7 7.Qd2 Nxd4 8.Qxd4 h6
9.Bxf6 gxf6 10.O-O-O Qa5 11.f4 Rg8 12.Qe3 e6 13.g3 O-O-O 14.Be2 Kb8 15.Kb1 Rc8
16.f5 Rg5 17.h4 Rg7 18.Qxh6 Rxg3 19.Qf4 Rg8 20.h5 exf5 21.exf5 Bxf5 22.Rd5 Bxc2+
23.Kc1 Qxd5 24.Nxd5 Be4+ 25.Kd2 Bxh1 26.Nxf6 Rh8 27.Nd7+ Ka8 28.Nxf8 Rhxf8
29.Qf6 Be4 30.Bg4 Rce8 31.h6 d5 32.Bf5 Bxf5 33.Qxf5 Re6 34.h7 Rh6 35.Kd3 Rh8
36.Qxf7 R6xh7 37.Qxd5 Rc8 38.Qf5 Rhc7 39.Kd2 a6 40.a3 Rd8+ 41.Ke3 Re7+ 42.Kf3 Ree8
43.Qa5 Rd3+ 44.Kf2 Rd7 45.Qg5 Rf7+ 46.Kg3 Rh8 47.b4 Rff8 48.Qd5 Rhg8+ 49.Kh3 Rg7
50.Qh5 Rfg8 51.Kh2 Rg2+  0-1

[Event "Vienna op"]
[Site "Vienna"]
[Date "1991.??.??"]
[Round "8"]
[White "Wegener, Dirk"]
[Black "Tischbierek, Raj"]
[Result "1/2-1/2"]
[WhiteElo "2330"]
[BlackElo "2480"]

1.e4 c5 2.Nf3 d6 3.d4 cxd4 4.Nxd4 Nf6 5.Nc3 Nc6 6.Bg5 e6 7.Qd2 a6 8.O-O-O Bd7
9.f4 Be7 10.Be2 Qc7 11.Nb3 O-O-O 12.Kb1 Kb8 13.Bf3 Bc8 14.Qf2 h6 15.Bh4 Rhg8
16.Qe3 g5 17.Bf2 gxf4 18.Qxf4 Ne5 19.h3 Nfd7 20.Qe3 b6 21.h4 Bf8 22.Rd4 Bb7
23.Rhd1 Rc8 24.Be2 Rxg2 25.Bg3 Nf6 26.Ra4 Rxe2 27.Qxe2 Nc4 28.Rxc4 Qxc4 29.Qxc4 Rxc4
30.Rf1 Nh5 31.Rxf7 Nxg3 32.Rxf8+ Rc8 33.Rf6 Nxe4 34.Rxe6 Nxc3+ 35.bxc3 Rxc3
36.Rxh6 Be4 37.Rxd6 Kc7 38.Rd2 Rh3 39.Rd4 Rxh4 40.Kb2 Rg4  1/2-1/2

[Event "Vrnjacka Banja"]
[Site "Vrnjacka Banja"]
[Date "1991.??.??"]
[Round "6"]
[White "Matulovic, Milan"]
[Black "Pavlovic, Milos"]
[Result "1/2-1/2"]
[WhiteElo "2470"]
[BlackElo "2480"]

1.e4 c5 2.Nf3 d6 3.d4 cxd4 4.Nxd4 Nf6 5.Nc3 Nc6 6.Bg5 e6 7.Qd2 Be7 8.O-O-O O-O
9.f4 h6 10.Bh4 Bd7 11.Nf3 Qa5 12.Bd3 Rfc8 13.Kb1 b5 14.Rhg1 Nb4 15.a3 Nc6
16.Nxb5 Qb6 17.Qf2 Qb7 18.c4 a6 19.Nc3 Ng4 20.Qe2 Bxh4 21.Nxh4 Rab8 22.Rd2 Qb6
23.Re1 Qa5 24.Rc1 e5 25.Nf5 Bxf5 26.exf5 Nf6 27.fxe5 Nd4 28.exf6  1/2-1/2

[Event "Warsaw Legion op"]
[Site "Warsaw"]
[Date "1991.??.??"]
[Round "9"]
[White "Bashkov, Viacheslav"]
[Black "Sherbakov, Ruslan"]
[Result "1/2-1/2"]
[WhiteElo "2410"]
[BlackElo "2505"]

1.e4 c5 2.Nf3 Nc6 3.d4 cxd4 4.Nxd4 Nf6 5.Nc3 d6 6.Bg5 e6 7.Qd2 a6 8.O-O-O h6
9.Be3 Be7 10.f3 Nxd4 11.Bxd4 b5 12.Bxf6 gxf6 13.f4 Bb7 14.Bd3 Qb6 15.f5 b4
16.Ne2 e5 17.Ng3 h5 18.Qe2 h4 19.Nf1 Bf8 20.Kb1  1/2-1/2

[Event "Wch U18"]
[Site "?"]
[Date "1991.??.??"]
[Round "?"]
[White "Liss, Eran"]
[Black "Garcia Nunez, Albert"]
[Result "1-0"]
[WhiteElo "2325"]
[BlackElo "2205"]

1.e4 c5 2.Nf3 Nc6 3.d4 cxd4 4.Nxd4 Nf6 5.Nc3 d6 6.Bg5 e6 7.Qd2 a6 8.O-O-O h6
9.Bf4 Bd7 10.Nxc6 Bxc6 11.Qe1 d5 12.exd5 Nxd5 13.Nxd5 Bxd5 14.c4 Rc8 15.Kb1 Qh4
16.g3 Qxf4 17.gxf4 Bxh1 18.Bh3 Bf3 19.Rd3 Bc6 20.Bxe6  1-0

[Event "Zalakaros op"]
[Site "Zalakaros"]
[Date "1991.??.??"]
[Round "4"]
[White "Borsavolgyi, Tamas"]
[Black "Parkanyi, Attila"]
[Result "1/2-1/2"]
[WhiteElo "2225"]
[BlackElo "2280"]

1.e4 c5 2.Nf3 d6 3.Nc3 Nc6 4.d4 cxd4 5.Nxd4 Nf6 6.Bg5 e5 7.Ndb5 a6 8.Na3 b5
9.Bxf6 gxf6 10.Nd5 Bg7 11.c3 f5 12.exf5 Bxf5 13.Nc2 O-O 14.Nce3 Bg6 15.h4 h6
16.g4 e4 17.Be2 b4 18.Qa4 Ne5 19.Nxb4 a5 20.Nbd5 Rb8 21.O-O-O f5 22.gxf5 Bxf5
23.Nxf5 Rxf5 24.Qxe4 Rxf2 25.Rdf1 Rxf1+ 26.Rxf1 Qd7 27.Nf6+ Bxf6 28.Rxf6 Kg7
29.Rf2 Qe6 30.Rg2+ Kh8 31.Bd3 Qf7 32.Kb1 Rg8 33.Rxg8+ Kxg8 34.Qg2+ Kf8 35.Qa8+ Kg7
36.Qg2+ Kf8 37.Qf1 Nf3 38.Kc2 Ke7 39.Qe2+ Ne5 40.b3 a4 41.Kb2 axb3 42.axb3 Qf2
43.h5 Kd8 44.Bb5 Qf4 45.Qd1 Kc7 46.Ka3 Qg5 47.Ba4 Qf4 48.Bb5 Qh2 49.Kb4 Qh4+
50.Ka5 Qg5 51.Ka6 Qg2 52.Qd4 Qb7+ 53.Ka5 Qa8+ 54.Kb4 Qb7 55.Ka5 Qa8+ 56.Kb4 Qb7  1/2-1/2

[Event "Zalakaros op"]
[Site "Zalakaros"]
[Date "1991.??.??"]
[Round "8"]
[White "Fogarasi, Tibor"]
[Black "Madl, Ildiko"]
[Result "1/2-1/2"]
[WhiteElo "2410"]
[BlackElo "2380"]

1.e4 c5 2.Nf3 d6 3.d4 cxd4 4.Nxd4 Nf6 5.Nc3 Nc6 6.Bg5 e6 7.Qd2 Be7 8.O-O-O O-O
9.f4 h6 10.Bh4 e5 11.Nf5 Bxf5 12.exf5 exf4 13.Kb1 d5 14.Bxf6 Bxf6 15.Nxd5 Be5
16.Bc4 Qd6 17.g3  1/2-1/2

[Event "BRA-ch"]
[Site "Curitiba"]
[Date "1992.12.??"]
[Round "5"]
[White "Matsuura, Everaldo"]
[Black "Tsuboi, Edson Kenji"]
[Result "1/2-1/2"]
[WhiteElo "2350"]
[BlackElo "2335"]

1.e4 c5 2.Nf3 d6 3.d4 cxd4 4.Nxd4 Nf6 5.Nc3 Nc6 6.Bg5 e6 7.Qd2 Be7 8.O-O-O O-O
9.Nb3 Qb6 10.f3 a6 11.g4 Qc7 12.Bxf6 Bxf6 13.Qxd6 Qb6 14.Qc5 Qc7 15.Qd6 Qb6
16.Qc5 Qxc5 17.Nxc5 b6 18.Nb3 Ra7 19.Na4 b5 20.Nb6 Rb7 21.Nxc8 Rxc8 22.Kb1 Ne5
23.Be2 Nc4 24.c3 g5 25.Ka1 Rb6 26.Bxc4 Rxc4 27.a3 Kg7 28.Rd3 Kg6 29.h3 Be5
30.Rhd1 Rc7 31.Rd7 Rbb7 32.Rxc7 Rxc7 33.Ka2 Kf6 34.Nd4 Rc8 35.Kb3 Rc4 36.Kc2 Bxd4
37.Rxd4 Rc6 38.Kd3 Ke5 39.Ke3 Rc7 40.a4 f6 41.axb5 axb5 42.Rb4 Rc5 43.Rb3 f5
44.exf5 exf5 45.gxf5 Kxf5 46.Rb4 h5 47.Re4 Rc8 48.Rd4 Re8+ 49.Kf2 Re5 50.Rb4 Rd5
51.Ke3 Re5+ 52.Re4 Rc5 53.Kd4 Rc4+ 54.Kd5 Rxe4 55.fxe4+ Kf6 56.Kd6 Kf7 57.Ke5 Kg6
58.b3 h4 59.c4 g4 60.Kf4 g3 61.Kf3 bxc4 62.bxc4 Kf6 63.c5  1/2-1/2

[Event "Simferopol/Alushta"]
[Site "Alushta"]
[Date "1992.??.??"]
[Round "?"]
[White "Yilmaz, Turham"]
[Black "Lerner, Konstantin Z"]
[Result "0-1"]
[WhiteElo "2385"]
[BlackElo "2530"]

1.e4 c5 2.Nf3 d6 3.d4 cxd4 4.Nxd4 Nf6 5.Nc3 Nc6 6.Bg5 e6 7.Qd3 a6 8.O-O-O h6
9.Bh4 Bd7 10.f4 b5 11.Qe2 Nxd4 12.Rxd4 Qb6 13.Rd2 b4 14.Nd1 Bb5 15.Qf3 Rc8
16.Kb1 Be7 17.Bf2 Qc6 18.Bxb5 axb5 19.Re1 O-O 20.Bd4 Rfd8 21.Qg3 e5 22.fxe5 Nxe4
23.Rxe4 Qxe4 24.exd6 Bg5 25.h4 Rxd6 26.Nf2 Qe1+ 27.Rd1 Qe2 28.c3 bxc3 29.bxc3 Ra6  0-1

[Event "Amantea op"]
[Site "Amantea"]
[Date "1992.??.??"]
[Round "?"]
[White "Belotti, Bruno"]
[Black "Pein, Malcolm"]
[Result "0-1"]
[WhiteElo "2405"]
[BlackElo "2450"]

1.e4 c5 2.Nf3 d6 3.d4 cxd4 4.Nxd4 Nf6 5.Nc3 Nc6 6.Bg5 e6 7.Qd2 a6 8.O-O-O h6
9.Be3 Nxd4 10.Bxd4 b5 11.f3 Qa5 12.Kb1 Be7 13.Qf2 Rb8 14.g4 b4 15.Ne2 e5
16.Ba7 Rb7 17.Nc1 Be6 18.h4 d5 19.Nb3 Qc7 20.Bc5 d4 21.Bxe7 Kxe7 22.Be2 a5
23.Nc1 a4 24.Qe1 Rhb8 25.b3 Ra7 26.Qd2 Qa5 27.Rh2 Rc8 28.Bd3 Rc3 29.g5 Nd7
30.gxh6 gxh6 31.Qxh6 axb3 32.cxb3 Bxb3 33.Nxb3 Rxb3+ 34.Ka1 Ra3 35.Rdd2 b3
36.Rb2 Rxa2+ 37.Rxa2 Qc3+  0-1

[Event "Aruba"]
[Site "Aruba"]
[Date "1992.??.??"]
[Round "7"]
[White "Psakhis, Lev"]
[Black "Gulko, Boris F"]
[Result "1/2-1/2"]
[WhiteElo "2605"]
[BlackElo "2560"]

1.e4 c5 2.Nf3 Nc6 3.d4 cxd4 4.Nxd4 Nf6 5.Nc3 d6 6.Bg5 e6 7.Qd2 Be7 8.O-O-O O-O
9.f4 Nxd4 10.Qxd4 Qa5 11.Bc4 Bd7 12.e5 dxe5 13.fxe5 Bc6 14.Bd2 Nd7 15.Nd5 Qd8
16.Nxe7+ Qxe7 17.Rhe1 Qc5 18.Qf4 Bb5 19.Bb3 Qc7 20.Qg3 Nc5 21.Bg5 f5 22.exf6 Qxg3
23.f7+ Rxf7 24.hxg3 Nxb3+ 25.axb3 Bc6 26.Rxe6 Bxg2 27.Re7 Bc6 28.Rxf7 Kxf7
29.Rd8 Rxd8 30.Bxd8  1/2-1/2

[Event "AUT-chT"]
[Site "AUT"]
[Date "1992.??.??"]
[Round "?"]
[White "Winiwarter, Felix"]
[Black "Wittmann, Walter"]
[Result "0-1"]
[WhiteElo "2285"]
[BlackElo "2380"]

1.e4 c5 2.Nf3 d6 3.d4 cxd4 4.Nxd4 Nf6 5.Nc3 Nc6 6.Bg5 Bd7 7.Be2 Qa5 8.Bxf6 gxf6
9.O-O Nxd4 10.Qxd4 Rc8 11.Rad1 Qc5 12.Qd3 Rg8 13.Rfe1 Rg6 14.Rd2 Bh6 15.Rdd1 a6
16.a4 Be6 17.g3 Kf8 18.Kg2 Qb4 19.Nd5 Bxd5 20.exd5 Qxa4 21.Qf5 Rc7 22.Qh5 Bg7
23.Bd3 Rg5 24.Qxh7 Rxd5 25.h4 Qg4 26.b3 Rh5 27.Qe4  0-1

[Event "AUT-chT"]
[Site "AUT"]
[Date "1992.??.??"]
[Round "?"]
[White "Watzka, Horst"]
[Black "Titz, Heimo"]
[Result "1-0"]
[WhiteElo "2325"]
[BlackElo "2320"]

1.e4 c5 2.Nf3 Nc6 3.d4 cxd4 4.Nxd4 Nf6 5.Nc3 d6 6.Bg5 e6 7.Qd2 a6 8.O-O-O h6
9.Be3 Nxd4 10.Qxd4 Bd7 11.f4 Bc6 12.Be2 d5 13.exd5 Nxd5 14.Bf3 Nxe3 15.Qxe3 Qc7
16.f5 Be7 17.Kb1 exf5 18.Rhe1 Kf8 19.Nd5 Bxd5 20.Rxd5 Bg5 21.Qd3 Bf6 22.Rd7 Qa5
23.Rd1 g6 24.Qb3 Rh7 25.Rxb7 Re8 26.c3 Qe5 27.Qa3+ Kg7 28.Qxa6 Rhh8 29.Qc4 Re7
30.Rxe7 Qxe7 31.a4 Rb8 32.Ka2 Be5 33.a5 h5 34.a6 Qa7 35.Kb1 Rb6 36.Bb7 Rxb7
37.axb7 Qxb7 38.Qd5 Qb8 39.Qd8 Qb7 40.Qd5 Qb8 41.Kc2 Bxh2 42.Re1 f6 43.Re7+ Kh6
44.b4 Be5 45.Qd2+ f4 46.Kb3 h4 47.c4 Qc8 48.Rd7 Qc6 49.Rd8 Qe6 50.b5 h3 51.gxh3 Qxh3+
52.Rd3 Qh1 53.Qd1 Qg2 54.Rd2 Qh3+ 55.Rd3 Qg2 56.Qd2 Qh1 57.Qd1 Qg2 58.Qd2 Qh1
59.c5 g5 60.c6 g4 61.Qc2 f3 62.c7 Bxc7 63.Rd7  1-0

[Event "AUT-chT"]
[Site "AUT"]
[Date "1992.??.??"]
[Round "?"]
[White "Beck, Gerald"]
[Black "Titz, Heimo"]
[Result "1-0"]
[WhiteElo "2260"]
[BlackElo "2320"]

1.e4 c5 2.Nf3 Nc6 3.d4 cxd4 4.Nxd4 Nf6 5.Nc3 d6 6.Bg5 e6 7.Qd2 a6 8.O-O-O h6
9.Be3 Bd7 10.f4 b5 11.Bd3 Be7 12.Kb1 Qc7 13.Rhe1 O-O 14.h3 Nxd4 15.Bxd4 b4
16.Ne2 e5 17.Be3 Rfe8 18.g4 Bc6 19.Ng3 Bf8 20.fxe5 dxe5 21.Qf2 Nh7 22.h4 Bb5
23.g5 Re6 24.gxh6 g6 25.h5 Rc8 26.hxg6 fxg6 27.Rg1 Kh8 28.Qe2 Rc6 29.Rg2 Bc5
30.Bxc5 Rxc5 31.Nf1 Nf8 32.Ne3 Bxd3 33.Qxd3 Ne6 34.Nd5 Rxd5 35.exd5 Nf4 36.Qe4 Nxg2
37.d6 Qd7 38.Qxg2 Kh7 39.Qe4 Re8 40.Qxb4 e4 41.Qd4 e3 42.Re1 Re6 43.c4 Rxd6
44.Qxe3 Qf5+ 45.Kc1 Rd7 46.b3 a5 47.Qe5 Qf2 48.Qxa5 Qd4 49.Qe5 Qd2+ 50.Kb1 Qd3+
51.Ka1 Qc2 52.Qe2 Qc3+ 53.Kb1 Rb7 54.Rc1 Qh3 55.c5 Kxh6 56.c6 Rxb3+ 57.axb3 Qxb3+
58.Qb2 Qd3+ 59.Rc2  1-0

[Event "Bayern-chA"]
[Site "Bad Neustadt"]
[Date "1992.??.??"]
[Round "2"]
[White "Lochte, Thomas"]
[Black "Meier, Thomas"]
[Result "1-0"]
[WhiteElo "2235"]
[BlackElo "2280"]

1.e4 c5 2.Nf3 d6 3.d4 cxd4 4.Nxd4 Nf6 5.Nc3 Nc6 6.Bg5 e6 7.Qd2 Be7 8.O-O-O O-O
9.Bc4 a6 10.f4 Qc7 11.Rhe1 h6 12.Bh4 Nxe4 13.Rxe4 Bxh4 14.Nxc6 Qxc6 15.Qxd6 Qxd6
16.Rxd6 b5 17.Bb3 Bb7 18.Re2 Rfd8 19.Rb6 Rd7 20.Rexe6 Bf2 21.Rxb7 Rxb7 22.Re2 Bd4
23.Bd5 Rbb8 24.Bxa8 Bxc3 25.bxc3 Rxa8 26.c4 bxc4 27.Kb2 Kh7 28.Kc3 g5 29.fxg5 hxg5
30.Re5 Kg6 31.Kxc4 Rh8 32.h3 Rh4+ 33.Kb3 Rf4 34.Ra5 Rf2 35.Rxa6+ f6 36.Re6 Rxg2
37.a4 Rh2 38.Re3 f5 39.a5 g4 40.a6 Rh1 41.hxg4 fxg4 42.Kb4 Ra1 43.Ra3 Rb1+
44.Kc5 Rb8 45.a7  1-0

[Event "Bayern-chA"]
[Site "Bad Neustadt"]
[Date "1992.??.??"]
[Round "8"]
[White "Siepelt, Heiner"]
[Black "Meier, Thomas"]
[Result "1/2-1/2"]
[WhiteElo "2275"]
[BlackElo "2280"]

1.e4 c5 2.Nf3 d6 3.d4 cxd4 4.Nxd4 Nf6 5.Nc3 Nc6 6.Bg5 e6 7.Bb5 Bd7 8.Bxc6 Bxc6
9.Nxc6 bxc6 10.e5 dxe5 11.Qf3 e4 12.Nxe4 Qa5+ 13.Nc3 Qe5+ 14.Be3 Nd5  1/2-1/2

[Event "Baden-Baden"]
[Site "Baden-Baden"]
[Date "1992.??.??"]
[Round "11"]
[White "Huebner, Robert"]
[Black "Lobron, Eric"]
[Result "1/2-1/2"]
[WhiteElo "2630"]
[BlackElo "2625"]

1.e4 c5 2.Nf3 d6 3.d4 cxd4 4.Nxd4 Nf6 5.Nc3 Nc6 6.Bg5 e6 7.Qd2 a6 8.O-O-O h6
9.Bf4 Bd7 10.Nxc6 Bxc6 11.f3 d5 12.Be5 dxe4 13.Bxf6 Qxd2+ 14.Rxd2 e3 15.Rd3 gxf6
16.Rxe3 Bc5 17.Rd3 Rg8 18.g3 f5 19.Be2 Ke7 20.Rf1 Rad8 21.f4 Rxd3 22.cxd3 h5
23.Bf3 Bxf3 24.Rxf3 h4 25.Ne2 hxg3 26.hxg3 Rd8 27.Kd2 b5 28.Rf1 Bb4+ 29.Ke3 Rc8
30.d4 Ba5 31.Kd3 Rh8 32.a4 Bb6 33.axb5 axb5 34.Ra1 Kd6 35.Ra3 Rh1 36.Rb3 Kc6  1/2-1/2

[Event "Balatonbereny op"]
[Site "Balatonbereny"]
[Date "1992.??.??"]
[Round "1"]
[White "Velvart, Peterne"]
[Black "Sirigos, Nikolaos"]
[Result "0-1"]
[WhiteElo "2195"]
[BlackElo "2320"]

1.e4 c5 2.Nf3 Nc6 3.d4 cxd4 4.Nxd4 Nf6 5.Nc3 d6 6.Bg5 e6 7.Bb5 Bd7 8.O-O Be7
9.Nxc6 bxc6 10.Ba4 O-O 11.Bxf6 gxf6 12.h4 Kh8 13.Ne2 Rg8 14.Ng3 Qb6 15.Qf3 Qxb2
16.Rfb1 Qd4 17.c4 Rab8 18.Rd1 Qe5 19.Rab1 a5 20.a3 f5 21.exf5 Bxh4 22.Rxb8 Rxb8
23.Ne4 Be7 24.fxe6 Qxe6 25.Qc3+ f6 26.Bc2 Rg8 27.Qd3 Qg4 28.g3 Bf5 29.Re1 Rd8
30.Qc3 Qg7 31.Qxa5 d5 32.Bb1 Bxe4 33.Bxe4 dxe4 34.Rxe4 Rf8 35.Qc7 Bc5 36.Qf4 Qg5
37.Qf3 Rg8 38.Kg2 Bd6 39.Re6 Be5 40.Qxc6 Qg6 41.a4 h5 42.a5 h4 43.Kg1 Bd4
44.Kf1 Qd3+ 45.Re2 hxg3 46.Qh1+ Qh7 47.Qxh7+ Kxh7 48.fxg3 Rxg3 49.Re6 Ra3
50.a6 Kg6 51.Rd6 Bc5 52.Rd5 Be7 53.Rd7 Kf7 54.Ra7 Ra2 55.c5 Rc2 56.Rb7 Rxc5
57.Rb8 Ra5 58.Ra8 Ra2 59.a7 Bc5  0-1

[Event "Balatonbereny op"]
[Site "Balatonbereny"]
[Date "1992.??.??"]
[Round "3"]
[White "Tolnai, Tibor"]
[Black "Hennigan, Michael"]
[Result "1-0"]
[WhiteElo "2495"]
[BlackElo "2400"]

1.e4 c5 2.Nf3 d6 3.d4 cxd4 4.Nxd4 Nf6 5.Nc3 Nc6 6.Bg5 e6 7.Qd3 a6 8.O-O-O Bd7
9.f4 b5 10.Kb1 Qb6 11.Bxf6 gxf6 12.Nce2 h5 13.g3 Rc8 14.Nxc6 Bxc6 15.Nd4 Bd7
16.Be2 Be7 17.Bf3 a5 18.Rhe1 a4 19.e5 fxe5 20.fxe5 d5 21.Bxd5 exd5 22.e6 Bxe6
23.Nxe6 fxe6 24.Qg6+ Kd7 25.Rxd5+ Kc7 26.a3 Qc6 27.Rde5 Rhd8 28.Rxe6 Bd6
29.Qxh5 Qc5 30.Qg6 b4 31.axb4 Qxb4 32.R6e4 Qb5 33.Qf7+ Rd7 34.Qc4+ Qxc4 35.Rxc4+ Kb7
36.Rxa4 Rdc7 37.Re2 Rf7 38.Ka2 Ra8 39.Rxa8 Kxa8 40.c3 Kb7 41.Kb3 Kc6 42.Kc4 Rg7
43.Kd3 Rd7 44.Kc4 Rg7 45.b4 Rg4+ 46.Kd3 Rg8 47.Rf2 Be5 48.Rf5 Kd6 49.Rh5 Ke6
50.Rh6+ Bf6 51.b5 Rc8 52.c4 Rd8+ 53.Kc2 Ke5 54.Kc3 Be7 55.Rh5+ Ke4 56.c5 Rd5
57.Rxd5 Kxd5 58.c6 Bd6 59.Kb3 Kc5 60.Ka4 Kb6 61.g4 Bxh2 62.g5 Bd6 63.g6 Bf8
64.Kb3 Kc7 65.Kc4 Kd6 66.Kb4 Kc7+ 67.Ka5 Bg7 68.Ka6 Bd4 69.b6+  1-0

[Event "BUL-chT (Women)"]
[Site "Bankia"]
[Date "1992.??.??"]
[Round "?"]
[White "Savova, Stefka"]
[Black "Chilingirova, Pavlina"]
[Result "0-1"]
[WhiteElo "2140"]
[BlackElo "2270"]

1.e4 c5 2.Nf3 d6 3.d4 Nf6 4.Nc3 cxd4 5.Nxd4 Nc6 6.Bg5 e6 7.Bb5 Bd7 8.Bxc6 bxc6
9.Qd2 h6 10.Bxf6 Qxf6 11.O-O-O e5 12.Nb3 Qg5 13.Qxg5 hxg5 14.h3 Be7 15.f3 O-O-O
16.Na5 Kc7 17.Nc4 g6 18.Ne3 Be6 19.Rhe1 f5 20.Kb1 g4 21.fxg4 f4 22.Nf1 f3
23.gxf3 Rxh3 24.Nd2 Bg5 25.Rf1  0-1

[Event "Belfort op"]
[Site "Belfort"]
[Date "1992.??.??"]
[Round "5"]
[White "Beckemeier, Werner"]
[Black "Ragozin, Evgeni"]
[Result "1/2-1/2"]
[WhiteElo "2400"]
[BlackElo "2415"]

1.e4 c5 2.Nf3 Nc6 3.d4 cxd4 4.Nxd4 Nf6 5.Nc3 d6 6.Bg5 e6 7.Qd2 Be7 8.O-O-O O-O
9.Nb3 Qb6 10.f3 a6 11.h4 Rd8 12.Be3 Qc7 13.Qf2 Nd7 14.Bg5 Nf6 15.Be3 Nd7
16.Bg5 Nf6 17.Be3 Nd7 18.Bg5  1/2-1/2

[Event "Belgrade"]
[Site "Belgrade"]
[Date "1992.??.??"]
[Round "5"]
[White "Vuksanovic, Sanja"]
[Black "Levitina, Irina S"]
[Result "1/2-1/2"]
[WhiteElo "2270"]
[BlackElo "2400"]

1.e4 c5 2.Nf3 d6 3.d4 cxd4 4.Nxd4 Nf6 5.Nc3 Nc6 6.Bg5 e6 7.Qd2 a6 8.O-O-O Bd7
9.f4 Be7 10.Nf3 b5 11.Bd3 b4 12.Ne2 Qb6 13.h3 a5 14.Kb1 a4 15.g4 Rd8 16.Bh4 Bc8
17.g5 Nd7 18.f5 Nde5 19.Nxe5 dxe5 20.f6 gxf6 21.gxf6 Bc5 22.Qh6 Nd4 23.Qg7 Rf8
24.Bg5 Ba6 25.Bxa6 Qxa6 26.Nxd4 exd4 27.Bh6 b3 28.Qg2 bxa2+ 29.Ka1 Qb5 30.Bxf8 Bxf8
31.c3 d3 32.e5 Qc4 33.Qb7 a3 34.Rh2 Rd7 35.Qb8+ Rd8 36.Qb7 Rd7 37.Qb8+ Rd8
38.Qb7  1/2-1/2

[Event "Berliner Sommer"]
[Site "Berlin"]
[Date "1992.??.??"]
[Round "?"]
[White "Erneste, Inguna"]
[Black "Lerner, Konstantin Z"]
[Result "1-0"]
[WhiteElo "2365"]
[BlackElo "2530"]

1.e4 c5 2.Nf3 d6 3.d4 cxd4 4.Nxd4 Nf6 5.Nc3 Nc6 6.Bg5 e6 7.Qd2 a6 8.O-O-O h6
9.Be3 Be7 10.f4 Bd7 11.h3 b5 12.Bd3 Nxd4 13.Bxd4 Bc6 14.Qe3 O-O 15.Kb1 Qc7
16.e5 dxe5 17.Bxe5 Qb7 18.Rhe1 Rfd8 19.f5 exf5 20.Bxf5 Rxd1+ 21.Rxd1 Re8
22.Re1 Bd6 23.Bxd6 Rxe3 24.Rxe3 Qb6 25.Rd3 b4 26.Nd1 Qb5 27.g4 g6 28.Bc8 Be4
29.Rd4 Qe2  1-0

[Event "Biel op"]
[Site "Biel"]
[Date "1992.??.??"]
[Round "6"]
[White "Meijers, Viesturs"]
[Black "Heinbuch, Detlef"]
[Result "1-0"]
[WhiteElo "2375"]
[BlackElo "2370"]

1.e4 c5 2.Nf3 Nc6 3.d4 cxd4 4.Nxd4 Nf6 5.Nc3 d6 6.Bg5 e6 7.Qd2 a6 8.Be2 Bd7
9.Nb3 Be7 10.O-O Qc7 11.Rad1 Rd8 12.Bxf6 Bxf6 13.Qxd6 Qxd6 14.Rxd6 Ke7 15.Rd2 Nb4
16.a3 Bxc3 17.bxc3 Na2 18.c4 Nc3 19.Bd3 e5 20.f3 Rc8 21.Rdf2 Be6 22.Nd2 Rc5
23.Ra1 Na4 24.Rb1 Rc7 25.Nf1 b5 26.cxb5 Nc3 27.Rb4 axb5 28.Bxb5 Nxb5 29.Rxb5 Ra8
30.Rxe5 Rxa3 31.Rb5 Rac3 32.Rb2 Bd7 33.Re2  1-0

[Event "Bled op"]
[Site "Bled"]
[Date "1992.??.??"]
[Round "2"]
[White "Mazi, Leon"]
[Black "Sherbakov, Ruslan"]
[Result "0-1"]
[WhiteElo "2315"]
[BlackElo "2495"]

1.e4 c5 2.Nf3 Nc6 3.d4 cxd4 4.Nxd4 Nf6 5.Nc3 d6 6.Bg5 e6 7.Qd2 a6 8.O-O-O Bd7
9.f3 Be7 10.h4 O-O 11.g4 Rc8 12.Be3 Ne5 13.g5 Nh5 14.f4 Nc4 15.Bxc4 Rxc4
16.Qd3 Qc8 17.f5 g6 18.f6 Bd8 19.Nde2 d5 20.Kb1 b5 21.exd5 e5 22.d6 b4 23.Nd5 Bf5
24.d7 Bxd3 25.dxc8=Q Bxc2+ 26.Ka1 Rxc8 27.Rc1 a5 28.Rhd1 a4 29.Rd2 b3 30.Nec3 Ng3
31.Nxa4 Ne4 32.Rh2 Ra8 33.Nac3 Nxc3 34.Nxc3 Ba5 35.Nd5 Bd2 36.Rxc2 Rxa2+
37.Kb1 bxc2+ 38.Kxc2 Bxe3 39.Nxe3 Rc8+ 40.Kb1 Ra4 41.Nd5 Rd8 42.Ne7+ Kf8
43.h5 Ke8 44.hxg6 hxg6 45.Nc6 Rd5 46.Re2 e4 47.b3 Rb5 48.Kb2 Kd7 49.Ne5+ Ke6
50.Nc6 Kf5  0-1

[Event "Bled op"]
[Site "Bled"]
[Date "1992.??.??"]
[Round "7"]
[White "Palac, Mladen"]
[Black "Panchenko, Alexander N"]
[Result "1/2-1/2"]
[WhiteElo "2500"]
[BlackElo "2460"]

1.e4 c5 2.Nf3 Nc6 3.d4 cxd4 4.Nxd4 Nf6 5.Nc3 d6 6.Bg5 e6 7.Qd2 a6 8.O-O-O h6
9.Be3 Be7 10.f4 Nxd4 11.Bxd4 b5 12.Bd3 Bb7 13.g4 e5 14.fxe5 Nxg4 15.Qg2 dxe5
16.Bg1 Qc8 17.Nd5 Bxd5 18.exd5 O-O 19.h3 Nf6 20.Bh2 Bd6 21.Rhf1 Qd8 22.Rg1 Ne8
23.Qf3  1/2-1/2